Acoustic Analyses Using MATLAB and ANSYS (Record no. 327484)

000 -LEADER
fixed length control field 00386 a2200133 4500
001 - CONTROL NUMBER
control field 92411
003 - CONTROL NUMBER IDENTIFIER
control field NUST
005 - DATE AND TIME OF LATEST TRANSACTION
control field 20180120150847.0
008 - FIXED-LENGTH DATA ELEMENTS--GENERAL INFORMATION
fixed length control field 180120b xxu||||| |||| 00| 0 eng d
082 ## - DEWEY DECIMAL CLASSIFICATION NUMBER
Classification number 620.2028553 HOW
100 ## - MAIN ENTRY--PERSONAL NAME
Personal name Carl Q Howard; Benjamin S Cazzolato
9 (RLIN) 9263
245 ## - TITLE STATEMENT
Title Acoustic Analyses Using MATLAB and ANSYS
260 ## - PUBLICATION, DISTRIBUTION, ETC.
Place of publication, distribution, etc. New York
Name of publisher, distributor, etc. CRC Taylor and Francis Group
Date of publication, distribution, etc. 2015
300 ## - PHYSICAL DESCRIPTION
Extent xxxvii, 670p.
500 ## - GENERAL NOTE
General note Technical Books
942 ## - ADDED ENTRY ELEMENTS (KOHA)
Institution code [OBSOLETE] CAE NUST
Koha item type Book
Call number prefix 620.2028553 HOW
Source of classification or shelving scheme
Holdings
Withdrawn status Lost status Damaged status Not for loan Collection code Permanent Location Current Location Date acquired Total Checkouts Full call number Barcode Date last seen Price effective from Koha item type
          College of Aeronautical Engineering (CAE) College of Aeronautical Engineering (CAE) 04/03/2017   620.2028553 HOW CAE88661 04/05/2017 04/05/2017 Book
© 2023 Central Library, National University of Sciences and Technology. All Rights Reserved.